| 000 | 00723nam a2200241Ia 4500 | ||
|---|---|---|---|
| 003 | GCL | ||
| 008 | 140319s9999 xx 000 0 ara d | ||
| 040 |
_aGCL / _cGCL |
||
| 082 | 0 | 4 |
_a335.4 _bه غ |
| 100 | 1 | _aحازم الببلاوى | |
| 245 | 1 | 0 |
_aالغرور القاتل: اخطاء الاشتراكية / _cحازم الببلاوى |
| 700 | 1 | _aمحمد مصطفى غنيم | |
| 700 | 1 | _aهايك, ف0 ا | |
| 260 |
_a[S.N] : _bدار الشروق ، _c1993 |
||
| 300 | _a191 ص | ||
| 490 | _a | ||
| 650 | 0 | 4 | _aالاتحاد السوفيتى |
| 650 | 0 | 4 | _aالاشتراكية |
| 650 | 0 | 4 | _aالنظم السياسية |
| 650 | 0 | 4 | _aالبروليتاريا |
| 650 | 0 | 4 | _aاوربا |
| 942 |
_2ddc _cBK |
||
| 999 |
_c30142 _d30142 |
||